LEADER 00958cam0-2200337---450- 001 990005864800403321 005 20090610144723.0 010 $a88-382-3543-0 035 $a000586480 035 $aFED01000586480 035 $a(Aleph)000586480FED01 035 $a000586480 100 $a20000421d1990----km-y0itay50------ba 101 0 $aita 102 $aIT 105 $ay-------001yy 200 1 $aFlorenskij$ela luce della verità$fMaria Giovanna Valenziano OSB 210 $aRoma$cStudium$dc1986 215 $a139 p.$d19 cm 225 1 $aInterpretazioni$v16 610 0 $aFlorenskij, Pavel Aleksandrovic 676 $a197.2$v21$zita 700 1$aValenziano,$bMaria Giovanna$0223071 702 1$aFlorenskii,$bPavel Aleksandrovich$f<1882-1937> 801 0$aIT$bUNINA$gRICA$2UNIMARC 901 $aBK 912 $a990005864800403321 952 $aP.1 FG 1691$bBibl.29210$fFLFBC 959 $aFLFBC 996 $aFlorenskij$9193294 997 $aUNINA LEADER 00826cam0 2200253 450 001 E600200015826 005 20210311075240.0 010 $a074561308X 100 $a20060127d1994 |||||ita|0103 ba 101 $aeng 102 $aUS 200 1 $aA passion for difference$eessays in antropology and gender$fHenrietta L. Moore 210 $aMalden$cPolity Press$d1994 215 $aIX, 177 p.$d23 cm 700 1$aMoore$b, Henrietta L.$3A600200034485$4070$0147390 801 0$aIT$bUNISOB$c20210311$gRICA 850 $aUNISOB 852 $aUNISOB$j300$m128264 912 $aE600200015826 940 $aM 102 Monografia moderna SBN 941 $aM 957 $a300$b003904$gSi$d128264$racquisto$1diguida$2UNISOB$3UNISOB$420060127103310.0$520190910115941.0$6Spinosa 996 $aA passion for difference$91690563 997 $aUNISOB